Dove giocava nel 2010-2011? - Quiz n°9 - Statistics

Statistiche generali
  • Questo quiz è stato fatto 71 volte
  • Il punteggio medio è 9 su 10
Statistiche sulle risposte
Hint Risposta % Corretto
Sergio Ramos Real Madrid
92%
Robert Lewandowski Borussia Dortmund
90%
Javier Pastore Palermo
90%
Marten de Roon Sparta Rotterdam
90%
Kwadwo Asamoah Udinese
90%
Alex Sandro Santos
88%
Jordan Henderson Sunderland
85%
Stefan Savić Partizan Belgrado
83%
Maxwell Barcellona
79%
Mateo Kovačić Dinamo Zagabria
71%
Nessun quiz corrispondente trovato
Distribuzione punteggi
Percentuale di utenti per punteggio
Percentile per numero di risposta
I tuoi punteggi nel tempo
Non hai fatto questo quiz